Trains and Locomotives by Picture - Statistics

General Stats
  • This quiz has been taken 299 times
  • The average score is 3 of 15
Answer Stats
Picture Answer % Correct
Union Pacific Big Boy
75%
SNCF TGV POS
58%
Pennsylvania Railroad class GG1
29%
Siemens Charger
26%
EMD SD70
17%
British Rail Class 374 / Eurostar e320
16%
N700 Series Shinkansen
15%
British Rail Class 397
11%
Southern Pacific 4449
11%
IORE
6%
AVE Class 102
5%
Alstom Metropolis TS Sets
4%
ES64U2
2%
CR400BF
1%
South African Class 15E
0%
No matching quizzes found
Score Distribution
Percent of People with Each Score
Percentile by Number Answered
Your Score History
You have not taken this quiz